uh oh - Tate McRae - Statistics

General Stats
  • This quiz has been taken 327 times
  • The average score is 255 of 335
Answer Stats
Answer % Correct
I
99%
Oh
99%
oh
99%
you
99%
You
99%
your
98%
a
97%
I'm
95%
Chorus Uh
94%
again
93%
Again
93%
to
92%
at
90%
go
90%
on
90%
that
90%
That
90%
do
89%
me
89%
house
88%
my
88%
My
88%
can
85%
when
84%
When
84%
All
83%
all
83%
get
83%
the
83%
And
82%
and
82%
just
82%
really
82%
like
81%
know
80%
Know
80%
almost
79%
eyes
79%
floor
79%
are
78%
clothes
78%
don't
78%
watchin
78%
be
77%
gonna
77%
Gonna
77%
good
77%
it
77%
back
76%
door
76%
bad
75%
1 Verse Feel
74%
feel
74%
see
74%
So
74%
so
74%
where
74%
calls
73%
drunk
73%
friends
73%
make
73%
Make
73%
makin
73%
Seven
73%
look
72%
missed
72%
right
72%
two
72%
but
71%
But
71%
want
71%
decisions
70%
in
70%
little
70%
missin
70%
myself
70%
texts
70%
Said
69%
said
69%
every
68%
it's
68%
lied
67%
moving
67%
time
67%
we
67%
We
67%
couldn't
66%
I'll
66%
leave
66%
was
66%
can't
65%
help
65%
Told
65%
mine
64%
sleeping
64%
Tomorrow
64%
kinda
63%
tonight
63%
ignore
62%
stay
62%
won't
62%
wont
62%
away
61%
sick
61%
walk
61%
off
60%
pretend
58%
ain't
57%
'em
57%
foot
57%
him
57%
one
57%
if
56%
guess
53%
Should
52%
should
52%
now
51%
now?
51%
Now
51%
not
47%
doin
45%
with
44%
God
42%
numb
41%
out
41%
that's
41%
think
41%
same
40%
temptin
39%
Through
38%
end
37%
would
37%
always
35%
place
34%
connection
32%
have
32%
2 Verse Roll
31%
known
30%
Tryin
30%
Shit
29%
before
27%
nobody
26%
follow
24%
our
23%
wait
23%
fall
22%
lost
20%
looks
18%
truck
4%
No matching quizzes found
Score Distribution
Percent of People with Each Score
Percentile by Number Answered
Your Score History
You have not taken this quiz